| 000 | 00674nam a2200181Ia 4500 | ||
|---|---|---|---|
| 008 | 151018s9999 xx 000 0 und d | ||
| 082 |
_bRBASDV64223 _a891.464 |
||
| 100 | _aहेरंब कुलकर्णी | ||
| 245 | _aआमच्या शिक्षणाच काय | ||
| 250 | _b1 | ||
| 260 |
_bमनोविकास प्रकाशन पुणे _c2015 |
||
| 300 | _a282 | ||
| 600 | _aहेरंब कुलकर्णी | ||
| 630 | _aआमच्या शिक्षणाच काय | ||
| 700 | _aहेरंब कुलकर्णी | ||
| 730 | _aआमच्या शिक्षणाच काय | ||
| 942 | _cBOOK | ||
| 999 |
_c1056563 _d1056560 |
||